[Event "Sharjah Rapid op 27th"]
[Site "Sharjah"]
[Date "2022.04.07"]
[Round "7"]
[White "Nookala, Nikhil Sriram"]
[Black "Bashkite, Viktoria"]
[Result "1-0"]
[WhiteElo "1266"]
[BlackElo "2105"]
[PlyCount "55"]
[EventDate "2022.04.06"]
[EventType "swiss (rapid)"]
[EventRounds "9"]
[EventCountry "UAE"]
[SourceTitle "CBM 207 Extra"]
[Source "ChessBase"]
[SourceDate "2022.05.31"]
[SourceVersion "1"]
[SourceVersionDate "2022.05.31"]
[SourceQuality "1"]

1. e4 d5 2. Nc3 d4 3. Nce2 e5 4. Ng3 Nf6 5. Nf3 Bd6 6. Bc4 0-0 7. 0-0 Nc6 8. d3 Na5 9. Bb3 Nxb3 10. axb3 h6 11. Qe2 Nh7 12. Nf5 Qf6 13. Ng3 Bg4 14. h3 Bd7 15. Nh5 Qg6 16. Nh4 Qe6 17. Nf5 g5 18. h4 Qg6 19. Nhg3 Bxf5 20. Nxf5 Rfe8 21. hxg5 hxg5 22. g3 Nf6 23. Kg2 Bf8 24. Rh1 a5 25. Rh2 Bg7 26. Bd2 b6 27. Rah1 Reb8 28. Ne7+ 1-0

[Event "Sharjah Rapid op 27th"]
[Site "Sharjah"]
[Date "2022.04.06"]
[Round "2"]
[White "Yakubbaeva, Nilufar"]
[Black "Nookala, Nikhil Sriram"]
[Result "1-0"]
[WhiteElo "2327"]
[BlackElo "1266"]
[PlyCount "53"]
[EventDate "2022.04.06"]
[EventType "swiss (rapid)"]
[EventRounds "9"]
[EventCountry "UAE"]
[SourceTitle "CBM 207 Extra"]
[Source "ChessBase"]
[SourceDate "2022.05.31"]
[SourceVersion "1"]
[SourceVersionDate "2022.05.31"]
[SourceQuality "1"]

1. c4 d5 2. cxd5 Qxd5 3. Nc3 Qd8 4. Nf3 Nf6 5. d4 c6 6. e4 Bg4 7. Be3 g6 8. h3 Bxf3 9. Qxf3 Bg7 10. Be2 e6 11. 0-0 0-0 12. Rfd1 Nbd7 13. d5 exd5 14. exd5 cxd5 15. Nxd5 Ne5 16. Nxf6+ Qxf6 17. Qg3 Nc6 18. Rd2 h6 19. Rad1 Rfd8 20. Qc7 Rxd2 21. Rxd2 Rd8 22. Rxd8+ Nxd8 23. Bxa7 Kh7 24. Bc4 b5 25. Bxb5 Qxb2 26. a4 Be5 27. Qxd8 1-0

[Event "Anti Cheating Blitz Cup"]
[Site "Chess.com INT"]
[Date "2020.05.20"]
[Round "6"]
[White "Abarca Torres, Ronaldo Manuel"]
[Black "Nookala, Nikhil Sriram"]
[Result "1-0"]
[WhiteElo "1553"]
[BlackElo "1195"]
[PlyCount "71"]
[EventDate "2020.05.20"]
[EventType "swiss (blitz)"]
[EventRounds "11"]
[EventCountry "USA"]
[SourceTitle "CBM 196 Extra"]
[Source "ChessBase"]
[SourceDate "2020.07.31"]
[SourceVersion "1"]
[SourceVersionDate "2020.07.31"]
[SourceQuality "1"]

1. d4 c6 2. Nf3 d6 3. Nc3 Bg4 4. e4 Qc7 5. Bf4 Nd7 6. Qd2 e5 7. dxe5 dxe5 8. Be3 Ngf6 9. a3 Bc5 10. Bc4 Bxe3 11. Qxe3 Nh5 12. h3 Bxf3 13. Qxf3 Nhf6 14. g4 Nb6 15. Bb3 0-0-0 16. a4 h6 17. a5 Nbd7 18. Qe3 Kb8 19. Bxf7 Rhf8 20. Be6 Qd6 21. Bxd7 Qxd7 22. Rd1 Qc7 23. a6 Rxd1+ 24. Nxd1 b6 25. 0-0 Qd6 26. Nc3 Qb4 27. Rd1 Qxb2 28. Rd6 Qxc2 29. Rxc6 Rc8 30. Rxb6+ Ka8 31. Rb7 Qc1+ 32. Qxc1 Nxe4 33. Qe3 Nc5 34. Qf3 Nxa6 35. Re7+ Kb8 36. Qb7# 1-0

[Event "Anti Cheating Blitz Cup"]
[Site "Chess.com INT"]
[Date "2020.05.20"]
[Round "7"]
[White "Carbone, Stefano"]
[Black "Nookala, Nikhil Sriram"]
[Result "1-0"]
[WhiteElo "2091"]
[BlackElo "1195"]
[PlyCount "55"]
[EventDate "2020.05.20"]
[EventType "swiss (blitz)"]
[EventRounds "11"]
[EventCountry "USA"]
[SourceTitle "CBM 196 Extra"]
[Source "ChessBase"]
[SourceDate "2020.07.31"]
[SourceVersion "1"]
[SourceVersionDate "2020.07.31"]
[SourceQuality "1"]

1. Nf3 c6 2. g3 d5 3. Bg2 Nf6 4. c4 Bg4 5. Ne5 e6 6. Nxg4 Nxg4 7. d4 Nf6 8. Qb3 Qb6 9. c5 Qxb3 10. axb3 Nbd7 11. b4 Be7 12. b5 0-0 13. Nc3 a6 14. b6 e5 15. e3 exd4 16. exd4 Rfe8 17. 0-0 Rad8 18. Bf4 Nh5 19. Bc7 Rc8 20. Bh3 Nhf6 21. Rfe1 Kf8 22. b4 Bd8 23. Bd6+ Be7 24. Bc7 Bd8 25. Rxe8+ Kxe8 26. Re1+ Kf8 27. Bd6+ Kg8 28. Bxd7 1-0

[Event "Anti Cheating Blitz Cup"]
[Site "Chess.com INT"]
[Date "2020.05.20"]
[Round "10"]
[White "Nookala, Nikhil Sriram"]
[Black "Dryaeva, Lana"]
[Result "1-0"]
[WhiteElo "1195"]
[BlackElo "1404"]
[PlyCount "119"]
[EventDate "2020.05.20"]
[EventType "swiss (blitz)"]
[EventRounds "11"]
[EventCountry "USA"]
[SourceTitle "CBM 196 Extra"]
[Source "ChessBase"]
[SourceDate "2020.07.31"]
[SourceVersion "1"]
[SourceVersionDate "2020.07.31"]
[SourceQuality "1"]

1. e4 e5 2. Nf3 d6 3. d4 exd4 4. Nxd4 Nf6 5. Nc3 Be7 6. Bc4 0-0 7. 0-0 Nxe4 8. Nxe4 d5 9. Bxd5 Qxd5 10. Nc3 Qd8 11. Re1 c5 12. Nf3 Nc6 13. Be3 Bf5 14. Qe2 Nb4 15. Rac1 a6 16. a3 Nd5 17. Nxd5 Qxd5 18. Rcd1 Qe6 19. Bxc5 Bxc5 20. Qxe6 fxe6 21. b4 Ba7 22. c4 Rac8 23. c5 Rfd8 24. Nd4 a5 25. Nxf5 exf5 26. Kf1 axb4 27. axb4 Kf7 28. Ra1 Bb8 29. Rad1 g6 30. h3 Bf4 31. g3 Bd2 32. Re2 Bxb4 33. Rxd8 Rxd8 34. Rb2 Bxc5 35. Rxb7+ Be7 36. Kg2 Rd3 37. h4 h5 38. Ra7 Rd2 39. Kf3 Kf6 40. Ra6+ Bd6 41. Ke3 Rd5 42. Rc6 Re5+ 43. Kd4 Ke6 44. Kd3 Re1 45. Ra6 Ke5 46. Ra5+ Ke6 47. Ra6 Rb1 48. Ke3 Rb2 49. Kf3 Kd5 50. Kg2 Rb3 51. Kf1 Rb1+ 52. Kg2 Rb2 53. Kf1 Rd2 54. Ke1 Bb4 55. Rxg6 Rc2+ 56. Kf1 Bc5 57. Rg5 Rxf2+ 58. Ke1 Ke4 59. Rxh5 Ke3 60. g4 1-0

[Event "Anti Cheating Blitz Cup"]
[Site "Chess.com INT"]
[Date "2020.05.20"]
[Round "4"]
[White "Nookala, Nikhil Sriram"]
[Black "Mastrolonardo, Francesco"]
[Result "1-0"]
[WhiteElo "1195"]
[BlackElo "2076"]
[PlyCount "129"]
[EventDate "2020.05.20"]
[EventType "swiss (blitz)"]
[EventRounds "11"]
[EventCountry "USA"]
[SourceTitle "CBM 196 Extra"]
[Source "ChessBase"]
[SourceDate "2020.07.31"]
[SourceVersion "1"]
[SourceVersionDate "2020.07.31"]
[SourceQuality "1"]

1. e4 c5 2. Nf3 Nc6 3. d4 cxd4 4. Nxd4 g6 5. Nc3 Bg7 6. Be3 Nf6 7. g3 0-0 8. Bg2 d6 9. h3 Bd7 10. 0-0 Qc8 11. Kh2 a6 12. Qd2 Ne5 13. b3 Qc7 14. f4 Nc6 15. Nxc6 Bxc6 16. Rad1 Rac8 17. Rf2 b5 18. Nd5 Bxd5 19. exd5 Qc3 20. Bd4 Qxd2 21. Rdxd2 Nd7 22. Bxg7 Kxg7 23. Rfe2 Rfe8 24. Be4 Rc3 25. Kg2 Rec8 26. Kf2 R8c7 27. Re3 Rxe3 28. Kxe3 Rc3+ 29. Kf2 b4 30. Re2 Nc5 31. Bf3 Kf8 32. Ke1 a5 33. Kf2 a4 34. g4 h6 35. Rd2 Ke8 36. h4 Kd7 37. h5 gxh5 38. gxh5 Kc7 39. Ke2 Nd7 40. Kf2 Nf6 41. Bd1 Ne4+ 42. Ke2 Nxd2 43. Kxd2 Kb6 44. Be2 a3 45. Bd3 Rc8 46. Ke3 Kc5 47. Ke4 e6 48. dxe6 fxe6 49. f5 exf5+ 50. Kxf5 Rf8+ 51. Kg6 Rh8 52. Kg7 Re8 53. Kxh6 Kd4 54. Kg7 Re7+ 55. Kf6 Re1 56. h6 Rh1 57. h7 Kc3 58. Be4 Rg1 59. h8Q Kb2 60. Qh2 Rc1 61. Qxd6 Kxa2 62. Qd4 Re1 63. Ke6 Kb1 64. Kd6 a2 65. c4+ 1-0